000 01205nam a22003617a 4500
003 CHAP
005 20220817040752.0
008 971010s r 00010 d
010 _a16
011 _a988
035 _a81
040 _cCHAP
090 _aFolleto 7136y
100 0 0 _aNene, Y. L.
_980843
245 1 0 _aDiagnosis de algunos marchitamientos del garbanzo
_c/por Y. L. Nene
260 _aAndhra Pradesh, In. :
_bInternational Crops Research Institute for The SemiArid Tropics,
_c[19 -]
300 _a43 p.
490 _aFolleto de información
_v; 3
590 _aBATCH-UPD
_b10
_c20130110
_lUCH01
_h2128
590 _aBATCH-UPD
_b10
_c20130410
_lUCH01
_h1438
590 _aBATCH-UPD
_b10
_c20130914
_lUCH01
_h1526
590 _aCONVERSION
_b10
_c20130109
_lUCH01
_h1302
650 1 4 _aGarbanzo
_xEnfermedades.
_945605
650 1 4 _aMarchitez del garbanzo.
_971284
700 0 _aHaware, M. P.
700 0 _aReddy, M. V.
_995375
830 0 _aFolleto de información
_v; 3
901 _aBK
942 _cFOLL
949 _aFolleto 7136y
_bBC
_cFOLL
_d-148431
_eTS1
_i81
_si
949 _aFolleto 7136y
_bBC
_cFOLL
_d-148432
_eTS2
_fc.2
_i81
_si
949 _aFolleto 7136y
_bBC
_cFOLL
_d-148433
_eTS2
_fc.3
_i81
_si
999 _c16
_d16